01239nam a22002057a 4500001000500000005001700005008004100022020001800063040001500081082001100096100002000107245005600127260002900183300006100212490002200273505000600295520068700301521002700988521001801015145920230825112129.0230825b cb ||||| |||| 00| 0 eng d a9781408341933 aFISKHbeng a823.92 aMeres, Jonathan aThe world of norm includes deliverycJonathan Meres aLondon :bOrchard,c2016 a251 pages, 20 unnumbered pages :billustrations ;c20 cm aThe World of Norm aH aThe tenth hilarious title in the award-winning, laugh-out-loud series, The World of Norm. Perfect for fans of Tom Gates and Diary of a Wimpy Kid. Norm knew it was going to be one of those days when he lost his house... But even when he finds it, things don't get much better. What could be worse than imagining your parents at a salsa dancing event - with your best friend?! Norm's not sure what's got into Mikey, but he suspects hormones may be involved. Flipping typical! With brilliantly funny illustrations throughout from Donough O'Malley. Praise for Jonathan Meres: 'Hilarious stuff from one of my comic heroes!' - Harry Hill 'Jonathan Meres is flipping funny!' - Eddie Izzard a510 bLexile estimate aH bRaz-Plus